San Paolo. (Record n. 37611)
[ formato base ]
| 000 -LEADER | |
|---|---|
| fixed length control field | 01334nam a22001937a 4500 |
| 003 - CONTROL NUMBER IDENTIFIER | |
| control field | IT-RoPau |
| 005 - DATE AND TIME OF LATEST TRANSACTION | |
| control field | 20220918175936.0 |
| 008 - FIXED-LENGTH DATA ELEMENTS--GENERAL INFORMATION | |
| fixed length control field | 121206b xxu||||| |||| 00| 0 eng d |
| 040 ## - CATALOGING SOURCE | |
| Transcribing agency | IT-RoPau |
| 100 ## - MAIN ENTRY--PERSONAL NAME | |
| Personal name | De Blasio Silvano |
| Fuller form of name | ssp |
| 9 (RLIN) | 19 |
| 245 ## - TITLE STATEMENT | |
| Title | San Paolo. |
| Remainder of title | Numeri inediti dal 1926 al 1946 |
| 250 ## - EDITION STATEMENT | |
| Edition statement | I |
| 260 ## - PUBLICATION, DISTRIBUTION, ETC. (IMPRINT) | |
| Place of publication, distribution, etc. | Roma |
| Name of publisher, distributor, etc. | SSP |
| Date of publication, distribution, etc. | 1986 |
| 300 ## - PHYSICAL DESCRIPTION | |
| Extent | 43 p. |
| Dimensions | 21 cm |
| 490 ## - SERIES STATEMENT | |
| Series statement | Edizioni Archivio Storico Generale della Famiglia Paolina |
| Volume/sequential designation | I |
| 500 ## - GENERAL NOTE | |
| General note | Il San Paolo, bollettino ufficiale interno della Società San Paolo, organo del Governo Generale, fondato dal Servo di Dio Don Giacomo Alberione nel 1926, ha compiuto sessant' anni di vita. |
| 520 ## - SUMMARY, ETC. | |
| Summary, etc. | Indice<br/><br/>Presentazione<br/>1. Formazione dello spirito<br/>2. La vera sapienza<br/>3. Stretta alleanza discepoli-maestri<br/>4. Vocazioni religiose<br/>5. L' esame particolare<br/>6. La robustezza della virtù<br/>7. La nostra missione è santa<br/>8. Un buon lavoro per le vocazioni<br/>9. I semi che si stanno gettando<br/>10. La strada maestra delle virtù<br/>11. Prima santi, poi apostoli!<br/>12. Disciplina paterna, preventiva, paziente<br/>13. I Fratelli che si trovano fra maggiori sacrifici<br/>14. Un patto col Signore<br/>15. La Casa Generalizia<br/>16. Il dovere della riconoscenza<br/>17. Il Vangelo e San Paolo<br/>18. Farci santi, per noi e per i nostri!<br/>19. La vocazione del Discepolo |
| 942 ## - ADDED ENTRY ELEMENTS (KOHA) | |
| Source of classification or shelving scheme | Dewey Decimal Classification |
| Koha item type | LIBRO |
| Withdrawn status | Lost status | Source of classification or shelving scheme | Damaged status | Not for loan | Home library | Current library | Date acquired | Total Checkouts | Full call number | Date last seen | Price effective from | Koha item type |
|---|---|---|---|---|---|---|---|---|---|---|---|---|
| Dewey Decimal Classification | Buone Condizioni | Not For Loan | PAULUS-BIBLIOTECA | PAULUS-BIBLIOTECA | 06/12/2012 | P A6 | 06/12/2012 | 06/12/2012 | LIBRO | |||
| Dewey Decimal Classification | Buone Condizioni | Not For Loan | PAULUS-BIBLIOTECA | PAULUS-BIBLIOTECA | 18/11/2013 | P A6 | 18/11/2013 | 18/11/2013 | LIBRO | |||
| Dewey Decimal Classification | Buone Condizioni | Not For Loan | PAULUS-BIBLIOTECA | PAULUS-BIBLIOTECA | 18/11/2013 | P A6 | 18/11/2013 | 18/11/2013 | LIBRO |